| 000 | 01179cam a2200277 4500 | ||
|---|---|---|---|
| 008 | 000000n2000 000 0 eng u | ||
| 020 | _a1861342950 | ||
| 035 | _a(Sirsi) u109574 | ||
| 050 | _a338.4769 | ||
| 100 | _aMacfarlane, Richard | ||
| 245 | _aUsing local labour in construction : a good practice resource book. | ||
| 260 |
_aBristol _bPolicy Press _c2000 |
||
| 300 | _aiv, 66p. ; 30cm. | ||
| 350 | _a13.95 | ||
| 520 | _aUsing major construction programmes to tackle local unemployment is now recognised as an important element of successful long-term regeneration. This report provides guidelines on how to establish successful schemes for getting local labour into construction. Bringing together the experience of 25 local initiatives this book provides a range of options for targeting jobs and training opportunities. | ||
| 650 | _aLABOUR MARKET | ||
| 650 | _aREGENERATION | ||
| 650 | _aUNEMPLOYMENT | ||
| 650 | _aEMPLOYMENT LAW | ||
| 650 | _aCONSTRUCTION WORKERS | ||
| 650 | _aCAREERS, EDUCATION AND TRAINING | ||
| 650 | _aRECRUITMENT | ||
| 650 | _aLOCAL LABOUR IN CONSTRUCTION | ||
| 690 | _aBUILDING AND CONSTRUCTION-MANAGEMENT | ||
| 942 | _n0 | ||
| 999 |
_c100950 _d100950 |
||